| 000 | 01083nam a2200229 a 4500 | ||
|---|---|---|---|
| 001 | BRCA_8912 | ||
| 005 | 20190320210445.0 | ||
| 008 | 200617s1788----mx-#######---#000-0#lat-# | ||
| 041 | _alat | ||
| 044 | _amx | ||
| 084 |
_aCO75 _b.O34 1788 |
||
| 245 | 1 | 0 |
_aOfficia sanctorum in breviario Romano, ex mandato summorum pontificum noviteÌr apponenda taÌm de praecepto, quaÌm ad libitum recitanda, et alia, quae generaliter in Hispania Et aliis locis particularibus recitari possunt, prout in suis Decretis continetur, juxta Rubricas ejusdem Breviarii Romani _bex apostolica concessione, et auctoritate superiorum rite` recognita. |
| 260 |
_aMexici _bTyís Sacrorum Librorum apud Héredes Lic. D. Josephi á Jáuregui, in via Sancti Bernardi _c1788 |
||
| 300 |
_a360 p. _c20 x 16 cm |
||
| 500 | _aCum gratia et privilegios | ||
| 500 | _aEstado físico: presenta encuadernación en pergamino con presencia del pez de plata | ||
| 650 | 1 | 4 |
_aOficio divino _922164 |
| 650 | 1 | 4 |
_aCalendario eclesiástico _922165 |
| 650 | 1 | 4 |
_aIglesia católica _915525 |
| 902 | _aCFM | ||
| 942 |
_2lcc _cB |
||
| 999 |
_c8563 _d8563 |
||